Normal view
MARC view
- Prof. Dr. Zakir Hussain.
Entry Personal Name
001 - CONTROL NUMBER
- control field: 28369
003 - CONTROL NUMBER IDENTIFIER
- control field: NUST
005 - DATE AND TIME OF LATEST TRANSACTION
- control field: 20200208205959.0
008 - FIXED-LENGTH DATA ELEMENTS
- fixed length control field: 200208|| aca||aabn | a|a d
040 ## - CATALOGING SOURCE
- Original cataloging agency: NUST
- Transcribing agency: NUST
100 ## - HEADING--PERSONAL NAME
- Personal name: Prof. Dr. Zakir Hussain.
670 ## - SOURCE DATA FOUND
- Source citation: Work cat.: (NUST): Javed, Zohra Malik 28368, Liquid Crystal Based Sensors for the Detection of Heavy Metals /, 2016.
